| 000 | 00803cam a2200241 a 4500 | ||
|---|---|---|---|
| 001 | 915738 | ||
| 005 | 20180208044340.0 | ||
| 008 | 820513s1983 paua b 001 0 eng | ||
| 010 | _a 82010005 | ||
| 020 | _a0397543999 | ||
| 040 |
_aDLC _cDLC _dDLC |
||
| 041 | _aeng | ||
| 060 | _aWB 205 B329g | ||
| 080 | _a616.0754 BAT | ||
| 082 | 0 | 0 |
_a616.0754 BAT _219 |
| 100 | 1 | _a8 | |
| 101 | _aEKZ | ||
| 245 | 1 | 2 |
_aA guide to physical examination / _cBarbara Bates, with a section on the pediatric examination by Robert A. Hoekelman ; illustrations by Robert Wabnitz and staff, University of Rochester School of Medicine, and Susan Shapiro Brenman. |
| 504 | _aBibliography: p. 537-548. | ||
| 740 | 0 | _aPhysical examination. | |
| 906 |
_a7 _bcbc _corignew _d1 _eocip _f19 _gy-gencatlg |
||
| 942 |
_2ddc _cBK |
||
| 999 |
_c42112 _d42112 |
||